Central Library OPAC University of Rajshahi

North American geosynclines. / (Record no. 11368)

MARC details
000 -LEADER
fixed length control field 00967cam a22003131 4500
001 - CONTROL NUMBER
control field 11368
003 - CONTROL NUMBER IDENTIFIER
rucl marc code BD-RjUL
005 - DATE AND TIME OF LATEST TRANSACTION
control field 20211208235119.0
008 - FIXED-LENGTH DATA ELEMENTS--GENERAL INFORMATION
fixed length control field 140126r1963 nyub b 001 0 eng
035 ## - SYSTEM CONTROL NUMBER
System control number (BD-RjUL)11417
System control number (OCoLC)1043030
040 ## - CATALOGING SOURCE
Original cataloging agency DLC
Transcribing agency ODaWU
Modifying agency OCoLC
-- NSbSU
-- DLC
-- BD-RjUL
Language of cataloging eng
041 ## - LANGUAGE CODE
Language code of text/sound track or separate title eng
082 ## - DEWEY DECIMAL CLASSIFICATION NUMBER
Classification number 551.86
Author mark and year KAN 1963
100 1# - MAIN ENTRY--PERSONAL NAME
Personal name Kay, Marshall,
Dates associated with a name 1904-1975.
9 (RLIN) 35141
245 10 - TITLE STATEMENT
Title North American geosynclines. /
Statement of responsibility, etc. Marshall Kay
260 ## - PUBLICATION, DISTRIBUTION, ETC. (IMPRINT)
Place of publication, distribution, etc. New York :
Name of publisher, distributor, etc. Geological Society of America ,
Date of publication, distribution, etc. 1963
300 ## - PHYSICAL DESCRIPTION
Pagination ix, 143 p. :
Illustrations maps (part fold.) profiles. ;
Size 23 cm.
490 0# - SERIES STATEMENT
Series statement Memoir,
Volume/sequential designation 48
504 ## - BIBLIOGRAPHY, ETC. NOTE
Bibliography, etc Bibliography: p. 109-132. and index.
650 #0 - SUBJECT ADDED ENTRY--TOPICAL TERM
Topical term or geographic name as entry element Geology
Geographic subdivision North America.
9 (RLIN) 35113
Topical term or geographic name as entry element Geology, Stratigraphic.
9 (RLIN) 35142
830 #0 - SERIES ADDED ENTRY--UNIFORM TITLE
Volume number/sequential designation 48
830 #0 - SERIES ADDED ENTRY--UNIFORM TITLE
Uniform title Memoir (Geological Society of America),
942 ## - ADDED ENTRY ELEMENTS (KOHA)
Source of classification or shelving scheme Dewey Decimal Classification
Koha item type Books
Holdings
Lost status Source of classification or shelving scheme Damaged status Not for loan Collection code Permanent Location Current Location Shelving location Date acquired Source of acquisition Cost, normal purchase price Total Checkouts Full call number Date last seen Copy number Koha item type
  Dewey Decimal Classification   Not For Loan Non-fiction Central Library, University of Rajshahi Central Library, University of Rajshahi Reading Room 14/05/1963 Zeitlinger 30.00   551.86 KAN 1963 26/01/2014 C-1 Books